PRIPRAVUJME IBA HODNOTNÉ KOMPOSTY

Bibliographic Details
Main Author: Lőffler, Anton (Author)
Format: Article
Language:Slovak

MARC

LEADER 00000nab a2200000uu 4500
001 vtls011501472
003 SK-MaSNL
005 20260303112541.0
008 230121|1963 xo |||||||||||||||||slo|
015 |a SNBRB 
035 |a (urnnbn)urn:nbn:sk:snk:ar-a0agbn 
035 |a (uuid)aab6a3f7-1a4e-4afa-949f-ecf4757c6a69 
035 |a urn:nbn:sk:snk-abdvt4 
040 |a SNKBUCL  |b slo  |c SNKBUCL  |e AACR2 
041 0 |a slo 
044 |a xo  |c SK 
100 1 |a Lőffler, Anton  |4 aut  |9 279339 
245 1 0 |a PRIPRAVUJME IBA HODNOTNÉ KOMPOSTY  |c Anton Lőffler 
773 0 |t Les : časopis pre lesné hospodárstvo  |g Roč. 19, č. 3 (1963), s. 73-75 
954 |a odborná, vedecká literatúra pôvodná (slovenská)  |2 lita 
958 |a OND 
958 |a EUIPO 
958 |a article20 
999 |c 1885421  |d 1887351